Most Common Words In Capitals - Statistics

General Stats
  • This quiz has been taken 55 times
  • The average score is 3 of 5
Answer Stats
# Capitals Word % Correct
5 Guatemala City | Kuwait City | Mexico City | Panama City | Vatican City City
86%
3 San José | San Marino | San Salvador San
70%
5 Port-au-Prince | Port Louis | Port Moresby | Port-of-Spain | Port Vila Port
68%
2 Saint George's | Saint John's Saint
55%
2 Andorra la Vella | La Paz La
48%
No matching quizzes found
Score Distribution
Percent of People with Each Score
Percentile by Number Answered
Your Score History
You have not taken this quiz